1144 1000 1840 1116 1597 1289 1097 1706 1371 1335 1144 1558 1834 1085 1289 1777 1744 1611 1134 1159 1601 1593 1522 1444 1189 1095 1440 1075 1443 1788 1823 1165 1341 1149 1504 1206 1759 1804 1097 1174 1026 1620 1923 1740 1857 1097 1091 1245 1039 1908 1704 1648 1915 1744 1699 1298 1187 1192 1615 1475 1460 1150 1836 1985 1791 1418 1007 1958 1518 1933 1618 1942 1150 1914 1066 1235 1962 1078 1782 1673 1955 1066 1157 1883 1725 1892 1047 1146 1968 1962 1450 1560 1583 1209 1701 1938 1973 1617 1028 BCNSPRNW ULIB Ver.6.0+V

เปลี่ยนเป็นภาษาไทย

Change to English
 แสดงรายละเอียดบรรณานุกรม
  กลับหน้าหลัก

Brief Record : Get Marc (ISO 2709) : E-mail record : QR code < ปิดหน้าต่าง
LEADER : 00000nam 2200000uu 4500
001    13399114096
003     ULIB
008    120216s2552||||th 000 0 tha d
020    ^a9786165001335
090    ^aนว.^bภ363ผ
100 0  ^aภัทร
245 00 ^aผู้รักพันใจ/^cภัทร
250    ^aพิมพ์ครั้งที่ 1
260    ^aกรุงเทพฯ :^bดอกหญ้า 2000,^c2552
300    ^a448 หน้า
945    ^p285^l0^i18709
995    ^aเกษร
999    ^aใช้งานได้ทุกระบบ
รายการนี้ยังไม่มีแท็ก
คุณยังไม่ได้ล็อกอิน คุณสามารถมีกิจกรรมร่วมกับเว็บไซต์ได้ แต่ต้องล็อกอินก่อน ::
  ล็อกอิน

รายการสื่อสารสนเทศ

ลำดับที่ ประเภท เลขเรียก/บาร์โค้ด สถานที่ สถานะ
1. วิทยาศาสตร์การแพทย์ และสุขภาพ
วิทยาศาสตร์การแพทย์ และสุขภาพ
นว. ภ363ผ  
  Barcode: 18709
ห้องสมุดวิทยาเขตสวรรค์ประชารักษ์
►นวนิยาย
บนชั้น
  ขอยืม

รายการใกล้เคียง
    ผู้แต่ง [ภัทร]

BibComment


ยังไม่เคยถูกคอมเมนท์

คอมเมนท์ทรัพยากรรายการนี้
  คอมเมนท์: ผู้รักพันใจ ภัทร


 Copyright 2026. Bcnsprnw @Library